| 000 | 01110cad a22002055a 4500 | ||
|---|---|---|---|
| 001 | L144838 | ||
| 008 | 080812s2008 xxkd f s 000 0 eng d | ||
| 035 | _a(Sirsi) u144838 | ||
| 041 | 0 | _aeng | |
| 050 | 0 | 4 | _a711.52 $2 18 |
| 110 | 2 |
_aInvestment Property Databank _92288 |
|
| 245 | 0 | 0 |
_aIPD regeneration index _bsummer 2008 _h[electronic resource] |
| 260 |
_aLondon _bIPD _c2008 |
||
| 520 | _aThe IPD Regeneration Index All Property total return fell to -6.0% in 2007. Offices remain fairly attractive, falling by 0.9% in regeneration areas compared to -0.5% in the broader UK index. Total returns for office property in regeneration areas have consistently exceeded the IPD UK average over the last five and 10 years. IPD Regeneration Index is based on a £8 134m sample of 659 properties and contains a variety of statistical reports in addition to market commentary. | ||
| 590 | _aKA NTK | ||
| 651 | 4 |
_aUnited Kingdom _y |
|
| 690 | _aPROPERTY-COMMERCIAL PROPERTY-COMMERCIAL PROPERTY FINANCE AND INVESTMENT | ||
| 856 | 4 | 0 |
_uhttps://www.ipd.com _zView the item free of charge at www.ipd.com... |
| 942 | _n0 | ||
| 999 |
_c108626 _d108626 |
||